Les dieux de la mythologie grecque - Images - Statistiques

Statistiques générales
  • Ce quiz a été pris 3 340 fois
  • Le résultat moyen est 10 sur 14
Statistiques - réponses
Par images Réponse % Correct
Zeus
99%
Aphrodite
88%
Arès
85%
Artémis
84%
Poséidon
82%
Apollon
80%
Héra
71%
Hermès
70%
Athéna
69%
Hadès
67%
Hestia
60%
Héphaïstos
57%
Dionysos
56%
Déméter
54%
Aucun quiz correspondant
Distribution des résultats
% des personnes avec chaque résultat
Percentile par nombre de réponses
Votre historique - résultats
Vous n’avez pas pris ce quiz